[Event "Poznan Chess Festival"]
[Site "chess24.com"]
[Date "2021.08.15"]
[Round "1"]
[White "Lakowski, Filip"]
[Black "Kostecka, Marika"]
[Result "0-1"]
[Board "23"]
[WhiteElo "1196"]
[WhiteCountry "POL"]
[WhiteFideId "21826420"]
[WhiteEloChange "-2"]
[BlackElo "1833"]
[BlackTitle "WCM"]
[BlackCountry "POL"]
[BlackFideId "1193473"]
[BlackEloChange "2"]

1. e4 {[%clk 1:30:58]} c5 {[%clk 1:30:51]} 2. c3 {[%clk 1:31:19]} Nf6 {[%clk
1:31:06]} 3. e5 {[%clk 1:31:26]} Nd5 {[%clk 1:31:29]} 4. d4 {[%clk 1:31:44]} cxd4
{[%clk 1:31:55]} 5. cxd4 {[%clk 1:32:07]} d6 {[%clk 1:30:54]} 6. Nf3 {[%clk
1:29:16]} Bg4 {[%clk 1:23:22]} 7. Qb3 {[%clk 1:24:54]} Nb6 {[%clk 1:22:28]} 8.
Ng5 {[%clk 1:19:38]} e6 {[%clk 1:22:24]} 9. Bb5+ {[%clk 1:14:20]} N8d7 {[%clk
1:20:40]} 10. O-O {[%clk 1:04:59]} h6 {[%clk 1:16:00]} 11. Ne4 {[%clk 1:01:43]}
dxe5 {[%clk 1:09:07]} 12. dxe5 {[%clk 1:01:55]} Be7 {[%clk 1:08:20]} 13. Qg3
{[%clk 0:59:55]} h5 {[%clk 0:58:00]} 14. h3 {[%clk 1:00:06]} Bh4 {[%clk 0:49:35]}
15. Nd6+ {[%clk 0:49:00]} Kf8 {[%clk 0:49:57]} 16. Qa3 {[%clk 0:49:13]} Be7
{[%clk 0:50:15]} 17. hxg4 {[%clk 0:48:52]} Nxe5 {[%clk 0:50:22]} 18. Nxb7 {[%clk
0:46:32]} Qd5 {[%clk 0:36:20]} 19. Qa6 {[%clk 0:37:32]} hxg4 {[%clk 0:35:59]} 20.
Nc3 {[%clk 0:36:32]} Nf3+ {[%clk 0:35:56]} 21. gxf3 {[%clk 0:35:04]} Qxf3 {[%clk
0:36:22]} 22. Bc6 {[%clk 0:35:02]} Rh1# {[%clk 0:36:47]} 0-1

[Event "Poznan Chess Festival"]
[Site "chess24.com"]
[Date "2021.08.15"]
[Round "1"]
[White "Duszczak, Dariusz"]
[Black "Skrzypczak, Jan"]
[Result "1-0"]
[Board "24"]
[WhiteElo "1822"]
[WhiteCountry "POL"]
[WhiteFideId "1126954"]
[WhiteEloChange "2"]
[BlackElo "1192"]
[BlackCountry "POL"]
[BlackFideId "21019630"]
[BlackEloChange "-2"]

1. e4 {[%clk 1:30:55]} e5 {[%clk 1:31:24]} 2. Nc3 {[%clk 1:31:11]} Nf6 {[%clk
1:31:43]} 3. g3 {[%clk 1:31:05]} Bc5 {[%clk 1:31:32]} 4. Bg2 {[%clk 1:31:19]} Nc6
{[%clk 1:31:07]} 5. Nge2 {[%clk 1:30:52]} a5 {[%clk 1:28:29]} 6. O-O {[%clk
1:30:57]} d6 {[%clk 1:28:40]} 7. h3 {[%clk 1:30:11]} O-O {[%clk 1:26:25]} 8. Kh2
{[%clk 1:29:06]} Bd7 {[%clk 1:23:07]} 9. d3 {[%clk 1:26:01]} h6 {[%clk 1:23:16]}
10. f4 {[%clk 1:20:31]} Nd4 {[%clk 1:14:05]} 11. a4 {[%clk 1:06:01]} h5 {[%clk
0:55:14]} 12. Nxd4 {[%clk 1:01:24]} Bxd4 {[%clk 0:55:11]} 13. Nb5 {[%clk
0:58:13]} Bb6 {[%clk 0:48:00]} 14. Kh1 {[%clk 0:44:45]} h4 {[%clk 0:40:39]} 15.
gxh4 {[%clk 0:44:31]} Ng4 {[%clk 0:38:39]} 16. Qe1 {[%clk 0:40:50]} Nf2+ {[%clk
0:34:10]} 17. Rxf2 {[%clk 0:41:10]} Bxf2 {[%clk 0:34:28]} 18. Qxf2 {[%clk
0:41:32]} f5 {[%clk 0:32:37]} 19. Qg3 {[%clk 0:41:13]} exf4 {[%clk 0:30:20]} 20.
Bxf4 {[%clk 0:40:45]} Bc6 {[%clk 0:30:07]} 21. Nd4 {[%clk 0:37:37]} Qf6 {[%clk
0:29:07]} 22. Nxc6 {[%clk 0:28:26]} bxc6 {[%clk 0:29:29]} 23. exf5 {[%clk
0:25:44]} Qxb2 {[%clk 0:27:58]} 24. Rg1 {[%clk 0:24:56]} d5 {[%clk 0:27:30]} 25.
Be5 {[%clk 0:24:38]} 1-0

[Event "Poznan Chess Festival"]
[Site "chess24.com"]
[Date "2021.08.15"]
[Round "1"]
[White "Lakowski, Krzysztof"]
[Black "Wawrzyniak, Pawel"]
[Result "0-1"]
[Board "25"]
[WhiteElo "1186"]
[WhiteCountry "POL"]
[WhiteFideId "21826439"]
[WhiteEloChange "-2"]
[BlackElo "1807"]
[BlackCountry "POL"]
[BlackFideId "21807477"]
[BlackEloChange "2"]

1. e4 {[%clk 1:30:57]} e5 {[%clk 1:30:43]} 2. Nf3 {[%clk 1:30:53]} Nf6 {[%clk
1:30:08]} 3. Nc3 {[%clk 1:30:20]} Nc6 {[%clk 1:30:28]} 4. d3 {[%clk 1:29:49]} Bc5
{[%clk 1:29:49]} 5. h3 {[%clk 1:28:20]} d6 {[%clk 1:27:02]} 6. a3 {[%clk
1:26:59]} a6 {[%clk 1:26:54]} 7. Bg5 {[%clk 1:25:40]} h6 {[%clk 1:27:04]} 8. Bh4
{[%clk 1:25:40]} g5 {[%clk 1:24:10]} 9. Bg3 {[%clk 1:24:27]} Be6 {[%clk 1:23:26]}
10. Qd2 {[%clk 1:17:26]} Qd7 {[%clk 1:16:45]} 11. O-O-O {[%clk 1:11:25]} O-O-O
{[%clk 1:16:11]} 12. Ne2 {[%clk 1:03:24]} Bb6 {[%clk 1:12:05]} 13. Nc3 {[%clk
0:56:32]} Nh5 {[%clk 1:02:27]} 14. Bh2 {[%clk 0:56:32]} Nf4 {[%clk 1:02:31]} 15.
g4 {[%clk 0:50:57]} f6 {[%clk 0:56:47]} 16. Bxf4 {[%clk 0:44:57]} gxf4 {[%clk
0:57:04]} 17. Nd5 {[%clk 0:44:28]} Bxd5 {[%clk 0:55:03]} 18. exd5 {[%clk
0:43:47]} Ne7 {[%clk 0:48:48]} 19. c4 {[%clk 0:37:20]} Kb8 {[%clk 0:46:17]} 20.
b3 {[%clk 0:33:00]} f5 {[%clk 0:44:13]} 21. g5 {[%clk 0:30:02]} e4 {[%clk
0:38:39]} 22. dxe4 {[%clk 0:28:03]} fxe4 {[%clk 0:38:01]} 23. Nd4 {[%clk
0:21:15]} hxg5 {[%clk 0:38:13]} 24. Ne6 {[%clk 0:21:02]} Rdg8 {[%clk 0:37:46]}
25. h4 {[%clk 0:19:02]} e3 {[%clk 0:37:08]} 26. Qb4 {[%clk 0:15:52]} exf2 {[%clk
0:36:36]} 27. c5 {[%clk 0:15:48]} dxc5 {[%clk 0:36:35]} 28. Nxc5 {[%clk 0:16:10]}
Qd6 {[%clk 0:34:30]} 0-1

[Event "Poznan Chess Festival"]
[Site "chess24.com"]
[Date "2021.08.15"]
[Round "1"]
[White "Trybowska, Barbara"]
[Black "Miedziak, Mikolaj"]
[Result "1-0"]
[Board "26"]
[WhiteElo "1807"]
[WhiteCountry "POL"]
[WhiteFideId "1172956"]
[WhiteEloChange "2"]
[BlackElo "1181"]
[BlackCountry "POL"]
[BlackFideId "21070580"]
[BlackEloChange "-2"]

1. d4 {[%clk 1:30:58]} c5 {[%clk 1:30:51]} 2. d5 {[%clk 1:31:23]} d6 {[%clk
1:31:13]} 3. Nc3 {[%clk 1:31:46]} g6 {[%clk 1:31:27]} 4. e4 {[%clk 1:31:52]} Bg7
{[%clk 1:31:35]} 5. Bd3 {[%clk 1:29:07]} Nf6 {[%clk 1:30:47]} 6. Nge2 {[%clk
1:27:52]} e6 {[%clk 1:29:50]} 7. O-O {[%clk 1:26:14]} exd5 {[%clk 1:29:03]} 8.
exd5 {[%clk 1:24:09]} O-O {[%clk 1:28:49]} 9. Ng3 {[%clk 1:22:36]} a6 {[%clk
1:26:24]} 10. a4 {[%clk 1:22:34]} Nbd7 {[%clk 1:25:52]} 11. f4 {[%clk 1:09:48]}
Nb6 {[%clk 1:21:59]} 12. Be2 {[%clk 1:09:55]} Bd7 {[%clk 1:16:56]} 13. Kh1 {[%clk
0:50:57]} Re8 {[%clk 1:12:44]} 14. f5 {[%clk 0:44:43]} Kh8 {[%clk 0:57:20]} 15.
fxg6 {[%clk 0:34:24]} fxg6 {[%clk 0:56:59]} 16. a5 {[%clk 0:29:51]} Nc8 {[%clk
0:56:15]} 17. Qd3 {[%clk 0:29:08]} Qe7 {[%clk 0:50:42]} 18. Bg5 {[%clk 0:28:34]}
Qe5 {[%clk 0:40:21]} 19. Qd2 {[%clk 0:24:58]} Qd4 {[%clk 0:33:18]} 20. Qxd4
{[%clk 0:22:07]} cxd4 {[%clk 0:33:24]} 21. Bxf6 {[%clk 0:22:32]} Bxf6 {[%clk
0:33:07]} 22. Rxf6 {[%clk 0:22:13]} dxc3 {[%clk 0:32:56]} 23. bxc3 {[%clk
0:22:39]} Kg7 {[%clk 0:31:00]} 24. Raf1 {[%clk 0:22:53]} Bf5 {[%clk 0:30:24]} 25.
R6xf5 {[%clk 0:16:45]} gxf5 {[%clk 0:27:55]} 26. Nxf5+ {[%clk 0:17:11]} Kg8
{[%clk 0:23:58]} 27. Bd3 {[%clk 0:17:24]} Rd8 {[%clk 0:14:04]} 28. h4 {[%clk
0:17:44]} b6 {[%clk 0:13:29]} 29. Nh6+ {[%clk 0:18:07]} Kg7 {[%clk 0:13:30]} 30.
Rf7+ {[%clk 0:18:32]} Kxh6 {[%clk 0:12:03]} 31. Rxh7# {[%clk 0:18:32]} 1-0

[Event "Poznan Chess Festival"]
[Site "chess24.com"]
[Date "2021.08.15"]
[Round "1"]
[White "Wojciechowski, Mateusz"]
[Black "Szymanski, Zbigniew"]
[Result "0-1"]
[Board "27"]
[WhiteElo "1171"]
[WhiteCountry "POL"]
[WhiteFideId "21081050"]
[WhiteEloChange "-2"]
[BlackElo "1793"]
[BlackCountry "POL"]
[BlackFideId "1180916"]
[BlackEloChange "2"]

1. e4 {[%clk 1:30:30]} d6 {[%clk 1:30:30]} 2. d4 {[%clk 1:30:30]} Nf6 {[%clk
1:30:30]} 3. Bd3 {[%clk 1:30:30]} e5 {[%clk 1:30:30]} 4. c3 {[%clk 1:30:30]} c6
{[%clk 1:30:30]} 5. Nf3 {[%clk 1:30:30]} Qc7 {[%clk 1:30:30]} 6. O-O {[%clk
1:30:30]} Be7 {[%clk 1:30:30]} 7. Re1 {[%clk 1:30:30]} O-O {[%clk 1:30:30]} 8. a4
{[%clk 1:30:30]} Nbd7 {[%clk 1:30:30]} 9. Qc2 {[%clk 1:30:30]} b6 {[%clk
1:30:30]} 10. h3 {[%clk 1:30:30]} a6 {[%clk 1:30:30]} 11. Be3 {[%clk 1:30:30]}
Bb7 {[%clk 1:30:30]} 12. Nbd2 {[%clk 1:30:30]} Rfe8 {[%clk 1:30:30]} 13. Rad1
{[%clk 1:30:30]} h6 {[%clk 1:30:30]} 14. Bf1 {[%clk 1:30:30]} Bf8 {[%clk
1:30:30]} 15. b4 {[%clk 1:30:30]} b5 {[%clk 1:30:30]} 16. a5 {[%clk 1:30:30]} c5
{[%clk 1:30:30]} 17. dxc5 {[%clk 1:30:30]} dxc5 {[%clk 1:30:30]} 18. Qb1 {[%clk
1:30:30]} cxb4 {[%clk 1:30:30]} 19. cxb4 {[%clk 1:30:30]} Qc3 {[%clk 1:30:30]}
20. Rc1 {[%clk 1:30:30]} Qxb4 {[%clk 1:30:30]} 21. Qxb4 {[%clk 1:30:30]} Bxb4
{[%clk 1:30:30]} 22. Rc7 {[%clk 1:30:30]} Bc8 {[%clk 1:30:30]} 23. Ra1 {[%clk
1:30:30]} Nf8 {[%clk 1:30:30]} 24. g3 {[%clk 1:30:30]} Ng6 {[%clk 1:30:30]} 25.
Bg2 {[%clk 1:30:30]} Be6 {[%clk 1:30:30]} 0-1

[Event "Poznan Chess Festival"]
[Site "chess24.com"]
[Date "2021.08.15"]
[Round "1"]
[White "Zgarda, Jakub"]
[Black "Pieczewska, Gabriela"]
[Result "1-0"]
[Board "28"]
[WhiteElo "1788"]
[WhiteCountry "POL"]
[WhiteFideId "1140280"]
[WhiteEloChange "2"]
[BlackElo "1169"]
[BlackCountry "POL"]
[BlackFideId "1195158"]
[BlackEloChange "-2"]

1. e4 {[%clk 1:30:30]} e6 {[%clk 1:30:30]} 2. d4 {[%clk 1:30:30]} d5 {[%clk
1:30:30]} 3. e5 {[%clk 1:30:30]} c5 {[%clk 1:30:30]} 4. c3 {[%clk 1:30:30]} Nc6
{[%clk 1:30:30]} 5. Nf3 {[%clk 1:30:30]} Qb6 {[%clk 1:30:30]} 6. Be2 {[%clk
1:30:30]} Nh6 {[%clk 1:30:30]} 7. O-O {[%clk 1:30:30]} cxd4 {[%clk 1:30:30]} 8.
Bxh6 {[%clk 1:30:30]} gxh6 {[%clk 1:30:30]} 9. cxd4 {[%clk 1:30:30]} Qxb2 {[%clk
1:30:30]} 10. Qd2 {[%clk 1:30:30]} Qxa1 {[%clk 1:30:30]} 11. Nc3 {[%clk 1:30:30]}
Qxf1+ {[%clk 1:30:30]} 12. Kxf1 {[%clk 1:30:30]} Bb4 {[%clk 1:30:30]} 13. a3
{[%clk 1:30:30]} Ba5 {[%clk 1:30:30]} 14. Qc1 {[%clk 1:30:30]} a6 {[%clk
1:30:30]} 15. Na4 {[%clk 1:30:30]} Ne7 {[%clk 1:30:30]} 16. Qxh6 {[%clk 1:30:30]}
Nf5 {[%clk 1:30:30]} 17. Qc1 {[%clk 1:30:30]} b6 {[%clk 1:30:30]} 18. Qc6+ {[%clk
1:30:30]} Bd7 {[%clk 1:30:30]} 19. Qxa8+ {[%clk 1:30:30]} Ke7 {[%clk 1:30:30]}
20. Qxh8 {[%clk 1:30:30]} 1-0

[Event "Poznan Chess Festival"]
[Site "chess24.com"]
[Date "2021.08.15"]
[Round "1"]
[White "Nawrocki, Michal"]
[Black "Kowalewicz, Kacper"]
[Result "0-1"]
[Board "29"]
[WhiteElo "1165"]
[WhiteCountry "POL"]
[WhiteFideId "21097933"]
[WhiteEloChange "-2"]
[BlackElo "1778"]
[BlackCountry "POL"]
[BlackFideId "1151339"]
[BlackEloChange "2"]

1. e4 {[%clk 1:30:30]} e5 {[%clk 1:30:30]} 2. f4 {[%clk 1:30:30]} Nc6 {[%clk
1:30:30]} 3. Nf3 {[%clk 1:30:30]} d6 {[%clk 1:30:30]} 4. fxe5 {[%clk 1:30:30]}
dxe5 {[%clk 1:30:30]} 5. Bb5 {[%clk 1:30:30]} Bd7 {[%clk 1:30:30]} 6. O-O {[%clk
1:30:30]} Bc5+ {[%clk 1:30:30]} 7. Kh1 {[%clk 1:30:30]} Qe7 {[%clk 1:30:30]} 8.
Nc3 {[%clk 1:30:30]} f6 {[%clk 1:30:30]} 9. Nd5 {[%clk 1:30:30]} Qd6 {[%clk
1:30:30]} 10. c3 {[%clk 1:07:36]} Nge7 {[%clk 1:30:30]} 11. b4 {[%clk 1:07:36]}
Bb6 {[%clk 1:30:30]} 12. Nxb6 {[%clk 1:07:36]} axb6 {[%clk 1:30:30]} 13. Nh4
{[%clk 1:07:36]} Be6 {[%clk 1:30:30]} 14. a3 {[%clk 1:07:36]} O-O-O {[%clk
1:30:30]} 15. a4 {[%clk 1:07:36]} Na7 {[%clk 1:30:30]} 16. Be2 {[%clk 1:07:36]}
g5 {[%clk 1:30:30]} 17. Rxf6 {[%clk 1:07:36]} Kb8 {[%clk 1:30:30]} 18. Nf5 {[%clk
1:07:36]} Qd7 {[%clk 1:30:30]} 19. Ng7 {[%clk 1:07:36]} Bg8 {[%clk 1:30:30]} 20.
Bg4 {[%clk 1:07:36]} Qd3 {[%clk 1:30:30]} 21. Qf3 {[%clk 1:07:36]} Bc4 {[%clk
1:30:30]} 22. Qxd3 {[%clk 1:07:36]} Bxd3 {[%clk 1:30:30]} 23. a5 {[%clk 1:07:36]}
b5 {[%clk 1:30:30]} 24. Rf3 {[%clk 1:07:36]} Bxe4 {[%clk 1:30:30]} 25. Re3 {[%clk
1:07:36]} Bd3 {[%clk 1:30:30]} 26. Rxe5 {[%clk 1:07:36]} Nac6 {[%clk 1:30:30]}
27. Re1 {[%clk 1:07:36]} Rd6 {[%clk 1:30:30]} 28. Nh5 {[%clk 1:07:36]} Ng6 {[%clk
1:30:30]} 29. a6 {[%clk 1:07:36]} bxa6 {[%clk 1:30:30]} 30. Rxa6 {[%clk 1:07:36]}
Nge5 {[%clk 1:30:30]} 31. h3 {[%clk 1:07:36]} Kb7 {[%clk 1:30:30]} 32. Ra1 {[%clk
1:07:36]} Rf8 {[%clk 1:30:30]} 33. Be2 {[%clk 1:07:36]} Bxe2 {[%clk 1:30:30]} 34.
Rxe2 {[%clk 1:07:36]} Rf1+ {[%clk 1:30:30]} 35. Kh2 {[%clk 1:07:36]} Nd3 {[%clk
1:30:30]} 36. Bb2 {[%clk 1:07:36]} Rxa1 {[%clk 1:30:30]} 37. Bxa1 {[%clk
1:07:36]} Nce5 {[%clk 1:30:30]} 38. Ng3 {[%clk 1:07:36]} Ra6 {[%clk 1:30:30]} 39.
Bb2 {[%clk 1:07:36]} Ra2 {[%clk 1:30:30]} 40. Bc1 {[%clk 1:07:36]} Rc2 {[%clk
1:30:30]} 41. Ba3 {[%clk 1:07:36]} Nc4 {[%clk 1:30:30]} 42. Ne4 {[%clk 1:07:36]}
h6 {[%clk 1:30:30]} 43. Nc5+ {[%clk 1:07:36]} Nxc5 {[%clk 1:30:30]} 44. bxc5
{[%clk 1:07:36]} Nxa3 {[%clk 1:30:30]} 45. Re6 {[%clk 1:07:36]} Rxd2 {[%clk
1:30:30]} 46. Rxh6 {[%clk 1:07:36]} Nb1 {[%clk 1:30:30]} 47. Rh5 {[%clk 1:07:36]}
Nxc3 {[%clk 1:30:30]} 48. Rxg5 {[%clk 1:07:36]} Rd5 {[%clk 1:30:30]} 49. h4
{[%clk 1:07:36]} Rxg5 {[%clk 1:30:30]} 50. hxg5 {[%clk 1:07:36]} Ne4 {[%clk
1:30:30]} 51. g6 {[%clk 1:07:36]} b4 {[%clk 1:30:30]} 52. g7 {[%clk 1:07:36]} Nf6
{[%clk 1:30:30]} 53. Kh3 {[%clk 1:07:36]} b3 {[%clk 1:30:30]} 54. g4 {[%clk
1:07:36]} 0-1

[Event "Poznan Chess Festival"]
[Site "chess24.com"]
[Date "2021.08.15"]
[Round "1"]
[White "Mackiewicz, Piotr"]
[Black "Klapec, Adam"]
[Result "1-0"]
[Board "30"]
[WhiteElo "1771"]
[WhiteCountry "POL"]
[WhiteFideId "1139657"]
[WhiteEloChange "2"]
[BlackElo "1159"]
[BlackCountry "POL"]
[BlackFideId "21881162"]
[BlackEloChange "-2"]

1. d4 {[%clk 1:30:30]} d5 {[%clk 1:30:30]} 2. c4 {[%clk 1:30:30]} c6 {[%clk
1:30:30]} 3. cxd5 {[%clk 1:30:30]} cxd5 {[%clk 1:30:30]} 4. Nf3 {[%clk 1:30:30]}
Nf6 {[%clk 1:30:30]} 5. Bf4 {[%clk 1:30:30]} Nc6 {[%clk 1:30:30]} 6. e3 {[%clk
1:30:30]} a6 {[%clk 1:30:30]} 7. Be2 {[%clk 1:30:30]} e6 {[%clk 1:30:30]} 8. O-O
{[%clk 1:30:30]} Be7 {[%clk 1:30:30]} 9. Nbd2 {[%clk 1:30:30]} O-O {[%clk
1:30:30]} 10. h3 {[%clk 1:30:30]} b5 {[%clk 1:30:30]} 11. Rc1 {[%clk 1:30:30]}
Bb7 {[%clk 1:30:30]} 12. Nb3 {[%clk 1:30:30]} Ne4 {[%clk 1:30:30]} 13. Nfd2
{[%clk 1:30:30]} Nxd2 {[%clk 1:30:30]} 14. Qxd2 {[%clk 1:30:30]} Bb4 {[%clk
1:30:30]} 15. Qd3 {[%clk 1:30:30]} Rc8 {[%clk 1:30:30]} 16. Nc5 {[%clk 1:30:30]}
Qe7 {[%clk 1:30:30]} 17. Nxb7 {[%clk 1:30:30]} Qxb7 {[%clk 1:30:30]} 18. a4
{[%clk 1:30:30]} bxa4 {[%clk 1:30:30]} 19. Qxa6 {[%clk 1:30:30]} Na5 {[%clk
1:30:30]} 20. Qxb7 {[%clk 1:30:30]} Nxb7 {[%clk 1:30:30]} 21. Rxc8 {[%clk
1:30:30]} Rxc8 {[%clk 1:30:30]} 22. Ba6 {[%clk 1:30:30]} Rc2 {[%clk 1:30:30]} 23.
Bxb7 {[%clk 1:30:30]} Rxb2 {[%clk 1:30:30]} 24. Ba6 {[%clk 1:30:30]} a3 {[%clk
1:30:30]} 25. Bd3 {[%clk 1:30:30]} a2 {[%clk 1:30:30]} 26. Ra1 {[%clk 1:30:30]}
Bc3 {[%clk 1:30:30]} 27. e4 {[%clk 1:30:30]} Bxd4 {[%clk 1:30:30]} 28. Rc1 {[%clk
1:30:30]} g6 {[%clk 1:30:30]} 29. Be3 {[%clk 1:30:30]} Bc3 {[%clk 1:30:30]} 30.
Ra1 {[%clk 1:30:30]} d4 {[%clk 1:30:30]} 31. Bc1 {[%clk 1:30:30]} Re2 {[%clk
1:30:30]} 32. Bxe2 {[%clk 1:30:30]} Bxa1 {[%clk 1:30:30]} 33. Bc4 {[%clk
1:30:30]} d3 {[%clk 1:30:30]} 34. Bxa2 {[%clk 1:30:30]} Bc3 {[%clk 1:30:30]} 35.
Bb3 {[%clk 1:30:30]} d2 {[%clk 1:30:30]} 36. Ba3 {[%clk 1:30:30]} Kg7 {[%clk
1:30:30]} 37. Kf1 {[%clk 1:30:30]} Kf6 {[%clk 1:30:30]} 38. Ke2 {[%clk 1:30:30]}
Ke5 {[%clk 1:30:30]} 39. Bc2 {[%clk 1:30:30]} h5 {[%clk 1:30:30]} 40. Bc5 {[%clk
1:30:30]} g5 {[%clk 1:30:30]} 41. Be3 {[%clk 1:30:30]} f6 {[%clk 1:30:30]} 42.
Bxd2 {[%clk 1:30:30]} Bd4 {[%clk 1:30:30]} 43. g3 {[%clk 1:30:30]} 1-0

[Event "Poznan Chess Festival"]
[Site "chess24.com"]
[Date "2021.08.15"]
[Round "1"]
[White "Borkowski, Pawel"]
[Black "Baranska, Monika"]
[Result "0-1"]
[Board "31"]
[WhiteElo "1141"]
[WhiteCountry "POL"]
[WhiteFideId "21007306"]
[WhiteEloChange "-2"]
[BlackElo "1767"]
[BlackCountry "POL"]
[BlackFideId "1130382"]
[BlackEloChange "2"]

1. e4 {[%clk 1:30:30]} e6 {[%clk 1:30:30]} 2. d4 {[%clk 1:30:30]} d5 {[%clk
1:30:30]} 3. e5 {[%clk 1:30:30]} c5 {[%clk 1:30:30]} 4. c3 {[%clk 1:30:30]} Nc6
{[%clk 1:30:30]} 5. Nf3 {[%clk 1:30:30]} Qb6 {[%clk 1:30:30]} 6. Be2 {[%clk
1:30:30]} cxd4 {[%clk 1:30:30]} 7. cxd4 {[%clk 1:30:30]} Nh6 {[%clk 1:30:30]} 8.
b3 {[%clk 1:30:30]} Bb4+ {[%clk 1:30:30]} 9. Bd2 {[%clk 1:30:30]} Nxd4 {[%clk
1:30:30]} 10. O-O {[%clk 1:30:30]} Nxe2+ {[%clk 1:30:30]} 11. Qxe2 {[%clk
1:30:30]} Bxd2 {[%clk 1:30:30]} 12. Nbxd2 {[%clk 1:30:30]} O-O {[%clk 1:30:30]}
13. Qd3 {[%clk 1:30:30]} f6 {[%clk 1:30:30]} 14. Rfe1 {[%clk 1:30:30]} Ng4 {[%clk
1:30:30]} 15. Re2 {[%clk 1:30:30]} fxe5 {[%clk 1:30:30]} 16. Ng5 {[%clk 1:30:30]}
e4 {[%clk 1:30:30]} 17. Qh3 {[%clk 1:30:30]} Nf6 {[%clk 1:30:30]} 18. Kh1 {[%clk
1:30:30]} h6 {[%clk 1:30:30]} 19. f4 {[%clk 1:30:30]} hxg5 {[%clk 1:30:30]} 20.
fxg5 {[%clk 1:30:30]} e5 {[%clk 1:30:30]} 21. Qh4 {[%clk 1:30:30]} Nh7 {[%clk
1:30:30]} 22. Qh5 {[%clk 1:30:30]} Bf5 {[%clk 1:30:30]} 23. g4 {[%clk 1:30:30]}
Bg6 {[%clk 1:30:30]} 24. Qh4 {[%clk 1:30:30]} e3 {[%clk 1:30:30]} 25. Nf1 {[%clk
1:30:30]} Rf2 {[%clk 1:30:30]} 26. Ng3 {[%clk 1:30:30]} Rxe2 {[%clk 1:30:30]} 27.
Nxe2 {[%clk 1:30:30]} Be4+ {[%clk 1:30:30]} 28. Kg1 {[%clk 1:30:30]} Qg6 {[%clk
1:30:30]} 29. Qg3 {[%clk 1:30:30]} Nxg5 {[%clk 1:30:30]} 30. h4 {[%clk 1:30:30]}
Nf3+ {[%clk 1:30:30]} 31. Kf1 {[%clk 1:30:30]} Rf8 {[%clk 1:30:30]} 32. h5 {[%clk
1:30:30]} Nh2+ {[%clk 1:30:30]} 33. Ke1 {[%clk 1:30:30]} Rf1# {[%clk 1:30:30]}
0-1

[Event "Poznan Chess Festival"]
[Site "chess24.com"]
[Date "2021.08.15"]
[Round "1"]
[White "Sobczak, Miroslaw"]
[Black "Podobinski, Piotr"]
[Result "1/2-1/2"]
[Board "32"]
[WhiteElo "1748"]
[WhiteCountry "POL"]
[WhiteFideId "1114182"]
[WhiteEloChange "-8"]
[BlackElo "1130"]
[BlackCountry "POL"]
[BlackFideId "21063141"]
[BlackEloChange "8"]

1. e4 {[%clk 1:30:30]} e5 {[%clk 1:30:30]} 2. Nf3 {[%clk 1:30:30]} Nf6 {[%clk
1:30:30]} 3. Bc4 {[%clk 1:30:30]} Nxe4 {[%clk 1:30:30]} 4. Nc3 {[%clk 1:30:30]}
Nxc3 {[%clk 1:30:30]} 5. dxc3 {[%clk 1:30:30]} Be7 {[%clk 1:30:30]} 6. Nxe5
{[%clk 1:30:30]} O-O {[%clk 1:30:30]} 7. Qh5 {[%clk 1:30:30]} d5 {[%clk 1:30:30]}
8. Bd3 {[%clk 1:30:30]} g6 {[%clk 1:30:30]} 9. Qf3 {[%clk 1:30:30]} Bf6 {[%clk
1:30:30]} 10. Ng4 {[%clk 1:30:30]} Bxg4 {[%clk 1:30:30]} 11. Qxg4 {[%clk
1:30:30]} Nd7 {[%clk 1:30:30]} 12. Bh6 {[%clk 1:30:30]} Ne5 {[%clk 1:30:30]} 13.
Qg3 {[%clk 1:30:30]} Nxd3+ {[%clk 1:30:30]} 14. cxd3 {[%clk 1:30:30]} Re8+ {[%clk
1:30:30]} 15. Kd2 {[%clk 1:30:30]} Bg7 {[%clk 1:30:30]} 16. Bxg7 {[%clk 1:30:30]}
Kxg7 {[%clk 1:30:30]} 17. Rae1 {[%clk 1:30:30]} Qd7 {[%clk 1:30:30]} 18. b3
{[%clk 1:30:30]} c6 {[%clk 1:30:30]} 19. f3 {[%clk 1:30:30]} h5 {[%clk 1:30:30]}
20. d4 {[%clk 1:30:30]} b5 {[%clk 1:30:30]} 21. h4 {[%clk 1:30:30]} a5 {[%clk
1:30:30]} 22. Qf4 {[%clk 1:30:30]} a4 {[%clk 1:30:30]} 23. b4 {[%clk 1:30:30]}
Re6 {[%clk 1:30:30]} 24. Rxe6 {[%clk 1:30:30]} Qxe6 {[%clk 1:30:30]} 25. Re1
{[%clk 1:30:30]} Qf6 {[%clk 1:30:30]} 26. Qe5 {[%clk 1:30:30]} Rd8 {[%clk
1:30:30]} 27. g4 {[%clk 1:30:30]} hxg4 {[%clk 1:30:30]} 28. fxg4 {[%clk 1:30:30]}
Qxe5 {[%clk 1:30:30]} 29. dxe5 {[%clk 1:30:30]} Rh8 {[%clk 1:30:30]} 30. Rh1
{[%clk 1:30:30]} Re8 {[%clk 1:30:30]} 31. Re1 {[%clk 1:30:30]} Rh8 {[%clk
1:30:30]} 32. e6 {[%clk 1:30:30]} f6 {[%clk 1:30:30]} 33. Kd3 {[%clk 1:30:30]}
Kf8 {[%clk 1:30:30]} 34. e7+ {[%clk 1:30:30]} Ke8 {[%clk 1:30:30]} 35. Re6 {[%clk
1:30:30]} Rxh4 {[%clk 1:30:30]} 36. Rxf6 {[%clk 1:30:30]} Rxg4 {[%clk 1:30:30]}
37. Rxc6 {[%clk 1:30:30]} Kxe7 {[%clk 1:30:30]} 38. Rb6 {[%clk 1:30:30]} Rg2
{[%clk 1:30:30]} 39. a3 {[%clk 1:30:30]} Ra2 {[%clk 1:30:30]} 40. Rxb5 {[%clk
1:30:30]} Rxa3 {[%clk 1:30:30]} 41. Rb6 {[%clk 1:30:30]} Ra1 {[%clk 1:30:30]} 42.
Kd4 {[%clk 1:30:30]} Rd1+ {[%clk 1:30:30]} 43. Kc5 {[%clk 1:30:30]} Rc1 {[%clk
1:30:30]} 44. Kd4 {[%clk 1:30:30]} Rd1+ {[%clk 1:30:30]} 45. Kc5 {w[%clk
1:30:30]} 1/2-1/2